<?xml version="1.0" encoding="UTF-8"?>
<record
    xmlns:xsi="http://www.w3.org/2001/XMLSchema-instance"
    xsi:schemaLocation="http://www.loc.gov/MARC21/slim http://www.loc.gov/standards/marcxml/schema/MARC21slim.xsd"
    xmlns="http://www.loc.gov/MARC21/slim">

  <leader>00846nam a2200217 i 4500</leader>
  <controlfield tag="001">77657</controlfield>
  <controlfield tag="003">ES-MaACL</controlfield>
  <controlfield tag="005">20250930063100.0</controlfield>
  <controlfield tag="007">t|</controlfield>
  <controlfield tag="008">041029s1999    pr           ||||1| spa d</controlfield>
  <datafield tag="020" ind1=" " ind2=" ">
    <subfield code="a">0-8477-0349-5</subfield>
  </datafield>
  <datafield tag="080" ind1=" " ind2=" ">
    <subfield code="a">806.0(729.5)</subfield>
  </datafield>
  <datafield tag="100" ind1=" " ind2=" ">
    <subfield code="a">Navarro Tom&#xE1;s, Tom&#xE1;s, </subfield>
    <subfield code="d">1884-1979</subfield>
    <subfield code="9">226508</subfield>
  </datafield>
  <datafield tag="245" ind1="1" ind2="3">
    <subfield code="a">El espa&#xF1;ol en Puerto Rico </subfield>
    <subfield code="b">: contribuci&#xF3;n a la geograf&#xED;a ling&#xFC;&#xED;stica hispanoamericana / </subfield>
    <subfield code="c">Tom&#xE1;s Navarro Tom&#xE1;s ; estudio preliminar por Mar&#xED;a Vaquero de Ram&#xED;rez.</subfield>
  </datafield>
  <datafield tag="260" ind1=" " ind2=" ">
    <subfield code="a">San Juan de Puerto Rico : </subfield>
    <subfield code="b">Universidad de Puerto Rico, </subfield>
    <subfield code="c">1998.</subfield>
  </datafield>
  <datafield tag="300" ind1=" " ind2=" ">
    <subfield code="a">LIX, 346 p. ; </subfield>
    <subfield code="c">23 cm.</subfield>
  </datafield>
  <datafield tag="650" ind1=" " ind2="4">
    <subfield code="a">Lengua espa&#xF1;ola-</subfield>
    <subfield code="z">Puerto Rico.</subfield>
    <subfield code="9">14180</subfield>
  </datafield>
  <datafield tag="700" ind1="1" ind2=" ">
    <subfield code="a">Vaquero de Ram&#xED;rez, Mar&#xED;a.</subfield>
    <subfield code="9">113097</subfield>
  </datafield>
  <datafield tag="852" ind1=" " ind2=" ">
    <subfield code="a">ES-MaACL</subfield>
    <subfield code="j">E-10189 </subfield>
    <subfield code="b">R.134417 </subfield>
  </datafield>
  <datafield tag="999" ind1=" " ind2=" ">
    <subfield code="c">77657</subfield>
    <subfield code="d">77657</subfield>
  </datafield>
  <datafield tag="952" ind1=" " ind2=" ">
    <subfield code="0">0</subfield>
    <subfield code="1">0</subfield>
    <subfield code="4">0</subfield>
    <subfield code="7">0</subfield>
    <subfield code="a">ATENEOM</subfield>
    <subfield code="b">ATENEOM</subfield>
    <subfield code="c">DEPO2</subfield>
    <subfield code="d">2008-01-17</subfield>
    <subfield code="e">DON</subfield>
    <subfield code="l">0</subfield>
    <subfield code="o">E-10189</subfield>
    <subfield code="p">1081247</subfield>
    <subfield code="r">2023-02-23 00:00:00</subfield>
    <subfield code="w">2023-02-23</subfield>
    <subfield code="y">MONOGRAFIA</subfield>
  </datafield>
</record>
